000 00395nam a2200157Ia 4500
008 230524s9999 xx 000 0 und d
082 _a629.226
_bPAN
100 _aRaj Pandya
245 0 _aMobile and Personal Communication System & Service
250 _a1ST
260 _aNEW DELHI
_bPHI
_c2004
300 _aXIV;334
500 _aQuantity Number: 2
650 _aElectronics
942 _cBK
999 _c29155
_d29155